| 000 | 00499cam a2200157 4500 | ||
|---|---|---|---|
| 082 | 0 | 0 |
_a621.381 _bBEN _cL-11, P-22 |
| 100 | 1 |
_aBenson, F. A. _941142 |
|
| 245 | 1 | 0 |
_aProblems in electronics with solutions _c[by] F. A. Benson. |
| 250 | _a3rd ed. | ||
| 260 |
_aLondon, _bE&F.N. Spon ltd _c1958. |
||
| 300 |
_axiii, 265 p. _bdiagrs. _c22 cm. |
||
| 490 | 0 | _aScience paperbacks, | |
| 526 |
_a0 _b0 _c0 _d621_381000000000000_BEN |
||
| 650 | 0 |
_aElectronics _xProblems, exercises, etc. _941512 |
|
| 942 |
_2ddc _cBK |
||
| 999 |
_c545605 _d545605 |
||